000 01095cam a2200337 a 4500
001 6050
003 FISKH
005 20251205092610.0
008 980508s1999 nyua a 000 0 eng
010 _a 98071866
020 _a0694012076
020 _a9780439159456
040 _aDLC
_cDLC
_dDLC
_beng
100 1 _aDotlich, Rebecca Kai.
245 1 0 _aWhat is square? /
_cby Rebecca Kai Dotlich ; photographs by Maria Ferrari.
250 _aFirst Scholastic printing, March 2000
260 _aNew York :
_bScholastic,
_c1999.
300 _a22 unnumbered pages :
_bcolor illustrations ;
_c21 cm
500 _a"Harper growing tree"--P. [4] of cover.
505 _aA
520 _aThrough a rhyming game and brilliant photographs, children learn what is square in the world.
521 8 _a70
_bLexile estimate
521 8 _aA
_bRaz-Plus
650 0 _aSquare
_vJuvenile literature.
650 1 _aSquare.
650 1 _aShape.
700 1 _aFerrari, Maria,
_eillustrator
906 _a7
_bcbc
_corignew
_d2
_eopcn
_f19
_gy-gencatlg
942 _2ddc
_cBK
_n0
999 _c6050
_d6050